| 000 | 00828nmc a2200289 a 4500 | ||
|---|---|---|---|
| 003 | AR-BaBNM | ||
| 005 | 20251128211834.0 | ||
| 008 | 176120s2006 ||||||||||||||000 | spa|| | ||
| 020 | _a950-24-1134-X | ||
| 040 | _cAR-BaBNM | ||
| 100 | 1 | _aEstefanía, Laura | |
| 245 | 1 | 0 | _aUna visita por el Museo Argentino de Ciencias Naturales Bernardino Rivadavia |
| 250 | _a1ª ed. | ||
| 260 |
_aBuenos Aires _bAlbatros _c2006 |
||
| 300 | 0 |
_a48 p. _bil. col. |
|
| 490 | 0 | _aUna visita por el museo | |
| 650 | 4 | _aMUSEOS ESPECIALIZADOS | |
| 650 | 4 | _aVISITAS A LOS MUSEOS | |
| 650 | 4 | _aACTIVIDADES DE LOS MUSEOS | |
| 650 | 4 | _aLIBROS PARA NINOS | |
| 650 | 4 | _aRECURSOS DIDACTICOS | |
| 653 | 0 | _aLITERATURA DIDACTICA | |
| 653 | 0 | _aESTRATEGIAS DIDACTICAS | |
| 700 | 1 |
_aLemos, Eduardo _eilustrador |
|
| 942 | _cBK | ||
| 998 | _cNancy | ||
| 999 |
_c21328 _d21328 |
||